| 000 | 00914cas a22002295a 4500 | ||
|---|---|---|---|
| 001 | L137786 | ||
| 008 | 101026c2006 xxkqr ws ss 000 00eng d | ||
| 035 | _a(Sirsi) u137786 | ||
| 041 | 0 | _aeng | |
| 110 | 2 |
_aJones Lang LaSalle _93755 |
|
| 245 | 0 | 0 |
_aUK property index _h[electronic resource] |
| 260 |
_aLondon _bJLL _c2006 |
||
| 362 | 0 | _aQ3 2006- | |
| 490 | 0 | _aUK Property Index | |
| 520 | _aReports on property capital growth and returns compared with previous quarters. Discusses the property market as compared to other investment types. | ||
| 554 | _aQuarterly | ||
| 650 | 2 | 4 | _aJLL UK PROPERTY INDEX |
| 651 | 4 |
_aUnited Kingdom _y |
|
| 690 | _aPROPERTY-COMMERCIAL PROPERTY-COMMERCIAL PROPERTY MARKET | ||
| 856 | 4 | 0 |
_uhttps://www.joneslanglasalle.co.uk/UnitedKingdom/EN-GB/Pages/ResearchFilter.aspx _zView the index after free registration and requesting access at ww.joneslanglasalle.co.uk |
| 942 | _n0 | ||
| 999 |
_c118912 _d118912 |
||